000 00359nam a2200157Ia 4500
003 Ost
005 20260225132559.0
008 260225s9999||||xx |||||||||||||| ||und||
040 _cfsic
041 _afre
082 _a155
100 _aBerharrats Hadjera
_eAuteur
245 0 _aLes méandres de la vie /
245 0 _cBerharrats Hadjera
942 _cكتاب
999 _c34656
_d34656